| 000 | 00705nam a2200217 a 4500 | ||
|---|---|---|---|
| 005 | 20240910063911.0 | ||
| 008 | 120809s2010 mx r 000 0 spa d | ||
| 020 | _a9788498413649 | ||
| 035 | _aUPN01000186052 | ||
| 049 | _aCG | ||
| 050 | 4 |
_aPT2664 E1.4 _bN5 |
|
| 100 | 1 |
_aDe Cesco, Federica, _d1938- _932633 |
|
| 245 | 1 | 3 |
_aEl niño que soñaba con un caballo / _cFederica de Cesco ; tr. Angeles Camargo. |
| 260 |
_aBarcelona, Esp. : _bSiruela, _cc2010. |
||
| 300 | _a189 p. | ||
| 440 | 4 |
_aLas tres edades ; _v202. _pDe 12 en adelante |
|
| 534 |
_pTítulo original: _tDer schicksalsritt |
||
| 650 | 4 |
_aLiteratura juvenil alemana _912357 |
|
| 650 | 4 |
_aCABALLOS EN LA LITERATURA _95276 |
|
| 905 | _aLibro | ||
| 999 |
_c158155 _d158155 |
||